| 000 | 00735cam a2200193 i 4500 | ||
|---|---|---|---|
| 020 | _a9780495826170 (student edition) | ||
| 020 | _a0495826170 (student edition) | ||
| 050 | 0 | 0 |
_aQA39.3 _b.E648 2011 |
| 100 | 1 | _aEpp, Susanna S., | |
| 245 | 1 | 0 |
_aDiscrete mathematics : _ban introduction to mathematical reasoning / _cSusanna S. Epp, DePaul University. |
| 250 | _aBrief edition. | ||
| 300 | _axvii, 530, A82, I13 pages : | ||
| 500 | _aIncludes index. | ||
| 650 | 0 | _vTextbooks. | |
| 856 | 4 | 2 | _uhttp://www.loc.gov/catdir/enhancements/fy1303/2010940881-b.html |
| 856 | 4 | 2 | _uhttp://www.loc.gov/catdir/enhancements/fy1303/2010940881-d.html |
| 856 | 4 | 1 | _uhttp://www.loc.gov/catdir/enhancements/fy1303/2010940881-t.html |
| 942 |
_2lcc _cGEN |
||
| 999 |
_c10052 _d10052 |
||